English to French - Kitchen vocabulary - Statistics

General Stats
  • This quiz has been taken 164 times
  • The average score is 13 of 50
Answer Stats
Hint Answer % Correct
Knife Couteau
87%
Plate Assiette
86%
Fork Fourchette
86%
Spoon Cuillère
77%
Glass Verre
62%
Cup Tasse
55%
Oven Four
52%
Bowl Bol
50%
Fridge Réfrigérateur
47%
Scissors Ciseaux
44%
Thermometer Thermomètre
43%
Cafetiere Cafetière
42%
Towel Serviette
37%
Wok Wok
36%
Dishwasher Lave-vaisselle
35%
Freeze Congélateur
34%
Salad bowl Saladier
33%
Sink Évier
32%
Toaster Grille-pain
29%
Blender Mixeur
29%
Frying pan Poelle
29%
Fryer Friteuse
27%
Ramekin Ramequin
26%
Timer Minuteur
24%
Peeler Éplucheur
21%
Sauce pan Casserole
20%
Ladle Louche
19%
Grater Râpe
18%
Teapot Théière
18%
Scales Balance
14%
Pitcher Cruche
14%
Butter dish Beurrier
13%
Egg cup Coquetier
13%
Apron Tablier
11%
Fish slice Spatule
10%
Tea towel Torchon
9%
Zester Zesteur
9%
Cooker hood Hotte
8%
Stove Cuisinière
5%
Funnel Entonnoir
5%
Place mat Set de table
4%
Whisk Batteur
3%
Casserole dish Cocotte
3%
Pot Marmite
3%
Spatula Maryse
3%
Food processor Robot ménager
3%
Colander Passoire
2%
Cooker Cocotte-minute
1%
Skimmer Écumoire
1%
Stewpot Faitout
0%
No matching quizzes found
Score Distribution
Percent of People with Each Score
Percentile by Number Answered
Your Score History
You have not taken this quiz